000 00467nam a2200169Ia 4500
003 GCL
008 140319s9999 xx 000 0 eng d
040 _aGCL /
_cGCL
082 0 4 _a616.07548
_bW M
100 1 _aWESTBROOK, CATHERINE
245 1 0 _aMRI IN PRACTICE /
_cWESTBROOK, CATHERINE
700 1 _aKAUT, CAROLYN
260 _a[S.N] :
_bBLACKWELL SCIENTIFIC PUBLICATIONS ،
_c1993
300 _a286 P
650 0 4 _aMAGNETIC RESISTANCE IMAGING
942 _2ddc
_cBK
999 _c21002
_d21002